5HLuxD.jpg

KING HENRY VIII SENIOR AND PRIMARY SCHOOL LIBRARY OPAC

The piano at the station (Record no. 5850)

000 -LEADER
fixed length control field 00706nam a22002297a 4500
003 - CONTROL NUMBER IDENTIFIER
control field OSt
005 - DATE AND TIME OF LATEST TRANSACTION
control field 20251118155752.0
008 - FIXED-LENGTH DATA ELEMENTS--GENERAL INFORMATION
fixed length control field 251118b ||||| |||| 00| 0 eng d
020 ## - INTERNATIONAL STANDARD BOOK NUMBER
International Standard Book Number 9781800902183
040 ## - CATALOGING SOURCE
Transcribing agency KH8
082 04 - DEWEY DECIMAL CLASSIFICATION NUMBER
Classification number 823.92 RUT
100 1# - MAIN ENTRY--PERSONAL NAME
Personal name Rutter, Helen
Relator term author
245 14 - TITLE STATEMENT
Title The piano at the station
Statement of responsibility, etc. Helen Rutter ; illustrated by Elisa Paganelli.
264 #1 - PRODUCTION, PUBLICATION, DISTRIBUTION, MANUFACTURE, AND COPYRIGHT NOTICE
Place of production, publication, distribution, manufacture Edinburgh
Name of producer, publisher, distributor, manufacturer Barrington Stoke
Date of production, publication, distribution, manufacture, or copyright notice 2023
300 ## - PHYSICAL DESCRIPTION
Extent 94 pages
Other physical details illustrations (black and white)
Dimensions 13 cm x 19 cm
500 ## - GENERAL NOTE
General note Dyslexia-friendly.
650 ## - SUBJECT ADDED ENTRY--TOPICAL TERM
Source of heading or term Juvenile Fiction
655 #0 - INDEX TERM--GENRE/FORM
Genre/form data or focus term Children's stories
655 #0 - INDEX TERM--GENRE/FORM
Genre/form data or focus term High interest-low vocabulary books
700 1# - ADDED ENTRY--PERSONAL NAME
Personal name Paganelli, Elisa
Relator term illustrator
942 ## - ADDED ENTRY ELEMENTS (KOHA)
Source of classification or shelving scheme
Koha item type Books - Fiction
Holdings
Withdrawn status Lost status Source of classification or shelving scheme Damaged status Not for loan Collection code Permanent Location Current Location Shelving location Date acquired Total Checkouts Full call number Barcode Date last seen Date last checked out Price effective from Koha item type Public note
          Fiction KH8 Primary School Library KH8 Primary School Library Fiction 2025-11-18 2 823.92 RUT KHPL000007386 2026-02-23 2026-02-09 2025-11-18 Books - Fiction PRIMARY LIBRARY

Powered By KH8 IT Dept